000 00844nam2a22002411 4500
001 RU\NLR\Per\842619
005 20250617193533.0
035 _a(NLR Aleph) 003086085
090 _a2445068
_c2445068
100 _a20120315d2011 |||y0rusy50 ca
101 0 _arus
102 _aRU
105 _ay ||||000|y
200 0 _a2011, № 4 (40)
210 _d2011
_aБ. м.
461 0 _1001RU\NLR\INFOCOMM12\5000000138
_12001#$aКлинико-лабораторный консилиум$eНауч.-практ. журн.$v2011, № 4 (40)
_94086042
_cСПб.
_d2003-
_oНауч.-практ. журн.
_tКлинико-лабораторный консилиум
_x2077-5059
_v2011, № 4 (40)
801 1 _aRU
_bInfoComm
_c20051007
801 0 _aRU
_bNLR
_gPSBO
852 _aNLR
_jП17/1006
942 _cISSUE
980 _aNB
980 _aRUSPER